000 00768nam a2200253Ia 4500
003 OSt
005 20220925170803.0
006 a|||||r|||| 00| 0
007 ta
008 220923b |||||||| |||| 00| 0 eng d
020 _a0520035410
037 _cGeneral Book
040 _aRTL
_cRTL
_beng
041 _2eng
_aeng
082 _aX:3M24xM18.41.N37<-N19, L8
100 _aDirlik Arif
245 0 _aRevolution and history
_b The origins of Marxist his
260 _aBerkeley
_bUniversity of California Press
_c1978
300 _ax, 299p
_ccm.
500 _aBibliography p 269-86
650 _aEconomics Classes Karl Marx
_9230895
942 _hX:3M24xM18.41.N37<-N19, L8
_cGB
_2CC
999 _c480980
_d480980